| 000 | 00354 a2200133 4500 | ||
|---|---|---|---|
| 040 |
_aDLC _bDLC |
||
| 082 | _a891.4393 QAI | ||
| 100 | _aAbbas, Qaisar | ||
| 245 |
_aShabash tum kr saktay ho _cQaisar Abbas |
||
| 260 |
_aLahore _bPossibilities publications _c2010 |
||
| 300 |
_a248p.: _cill. |
||
| 650 | _aMotivation, Encouragement | ||
| 942 |
_cBK _k981.4393 _2ddc |
||
| 999 |
_c10487 _d10487 |
||